000
00306nam a2200133Ia 4500
008
100328s9999 xx 000 0 und d
082
_b
71033
100
_a
Rollins James
245
_a
The Judas Strain
260
_b
Harper.
630
_a
The Judas Strain
730
_a
The Judas Strain
942
_c
BOOK
999
_c
556757
_d
556754